000 00538nam a2200193Ia 4500
005 20250508152717.0
008 008 250505s9999 xx 000 0 eng d
037 _aTextual
040 _aFEDL
_beng
_cFEDL
041 _aeng
_2eng
084 _a954, SAR
_qFEDL
100 _aSarkar S C
_9427683
245 0 _aModern Indian history, V 2
260 _aAllahabad, India
_bThe Indian Press Pvt. Ltd.
_c1959
300 _aLxvi,555p
700 _a Datta K K
_9762210
942 _cTEXL
_h954, SAR
999 _c1338223
_d1338223